Managing financial institutions
This dynamic text allows learners to analyze and apply theory to managing performance for financial institutions. It is up-to-date, including new types of financial institutions and the evolving nature of the financial services industry. Not only does this text include risk management of financial i...
Đã lưu trong:
| 主要作者: | |
|---|---|
| 格式: | 圖書 |
| 語言: | Undetermined |
| 出版: |
Victoria, Australia
Thomson / South-Western
2005
|
| 主題: | |
| 標簽: |
添加標簽
沒有標簽, 成為第一個標記此記錄!
|
| Thư viện lưu trữ: | Trung tâm Học liệu Trường Đại học Cần Thơ |
|---|
| LEADER | 01402nam a2200217Ia 4500 | ||
|---|---|---|---|
| 001 | CTU_100568 | ||
| 008 | 210402s9999 xx 000 0 und d | ||
| 020 | |c 105.04 | ||
| 082 | |a 332.10681 | ||
| 082 | |b G223 | ||
| 100 | |a Gardner, Mona J. | ||
| 245 | 0 | |a Managing financial institutions | |
| 245 | 0 | |c Mona J. Gardner, Dixie L. Mills, Elizabeth S. Cooperman | |
| 260 | |a Victoria, Australia | ||
| 260 | |b Thomson / South-Western | ||
| 260 | |c 2005 | ||
| 520 | |a This dynamic text allows learners to analyze and apply theory to managing performance for financial institutions. It is up-to-date, including new types of financial institutions and the evolving nature of the financial services industry. Not only does this text include risk management of financial institutions, it includes managing and analyzing different types of financial institutions. Additionally, this text provides the necessary institutional detail that learners need to know to be successful in the management of financial services firms. Numerous applied cases are included so learners can better understand how the concepts are applied. Targeted at the MBA corporate finance course, this book can also be used for both a banking course and financial institution management course. | ||
| 650 | |a Financial institutions | ||
| 650 | |x Management | ||
| 904 | |i Minh | ||
| 980 | |a Trung tâm Học liệu Trường Đại học Cần Thơ | ||